000 01558cam a22003374a 4500
999 _c18074
_d18074
001 12225951
005 20161202123530.0
008 001108s2001 enkaf b 001 0 eng
010 _a 00065141
020 _a0521780691 (hardback)
040 _aDLC
_cDLC
_dDLC
042 _apcc
043 _ae-it---
050 0 0 _aN6914
_b.S65 2001
100 1 _aSohm, Philip L.
_q(Philip Lindsay),
_d1951-
245 1 0 _aStyle in the art theory of early modern Italy /
_cPhilip Sohm.
260 _aCambridge ;
_aNew York :
_bCambridge University Press,
_c2001.
300 _axii, 315 p., [16] p. of plates :
_bill. ;
_c27 cm.
504 _aIncludes bibliographical references (p. 205-307) and index.
650 0 _aArt, Italian.
650 0 _aArt
_xPhilosophy.
650 0 0 _aStyle (Philosophy)
942 _2lcc
_cBOOKS
_hN6914 .S65 2001